Poorly Described Literature #2 - Statistics

General Stats
  • This quiz has been taken 30 times
  • The average score is 4 of 15
Answer Stats
Hint Answer % Correct
Two teenagers fall in love and then die. Romeo and Juliet
88%
English schoolboys form rival gangs and beat each other up. Lord of the Flies
54%
A man shoots his best friend after promising to buy him a rabbit. Of Mice and Men
46%
Vindictive pirates fight the perpetually immature. Peter Pan
42%
Vivid hallucinations greatly improve the character of an old miser. A Christmas Carol
38%
A man ruins his life to get back at the man who ruined his life. The Count of Monte Cristo
27%
An ugly man falls in love with a 16-year-old, who is killed for refusing to sleep with a clergyman. The Hunchback of Notre Dame
27%
A man fakes insanity in an unsuccessful effort to solve his family problems. Hamlet
8%
A teenage girl falls in love with her employer, but flees when he tries to make her his polygamous wife. All ends happily after his first wife sets herself on fire. Jane Eyre
8%
A group of children learn about rape and make fun of a handicapped man, who stabs a man with an aversion to giant ham. To Kill A Mockingbird
8%
A high-schooler goes to prom with an old man. Twilight
8%
A real-estate agent and his wife consult professional help in their fear of close contact with a dead body. Dracula
4%
After refusing to act as a wing-man, a scientist finds his family at the mercy of a serial killer. Frankenstein
4%
An unsuccessful thief is shot at by his friend after getting high as a kite. Winnie the Pooh
4%
A repressed woman dies of feminism. The Awakening
0%
No matching quizzes found
Score Distribution
Percent of People with Each Score
Percentile by Number Answered
Your Score History
You have not taken this quiz